000 00748nam a22002297a 4500
008 240525b mp ||||| |||| 00| 0 mon d
020 _a978-99929-0-343-0
035 _a72
040 _aСэлэнгэ аймгийн нийтийн номын сан
_bmon
_cMN-UlNLM
_dMN-UlNLM
_erda
041 _amon
042 _a163
084 _2НСНЗА
_a72.3
_bк-795
100 _aКремнев Б.
245 0 _aВольфганг Амадей Моцарт
264 _aУлаанбаатар
_bмонсудар
_c2009
300 _a328
336 _2rdacontent
_atext
_btxt
337 _2rdamedia
_aunmediated
_bn
338 _2rdacarrier
_avolume
_bnc
650 _aМоцарт Вольфганг Амадей Моцарт
942 _2NNA
_cBK
999 _c700108
_d700165